Artistes par œuvre d'art - Statistiques

Statistiques générales
  • Ce quiz a été pris 1 610 fois
    1 524 depuis la dernière actualisation
  • Le résultat moyen est 9 sur 15
Statistiques - réponses
Par images Hint Réponse % Correct
(Le Penseur) Auguste Rodin
87%
(Adele Bloch-Bauer I) Gustav Klimt
87%
(Meisje met de parel) Johannes Vermeer
84%
(Les Coquelicots) Claude Monet
80%
(El Tres de Mayo) Francisco de Goya
64%
(Primavera) Sandro Botticelli
64%
(Het gele huis) Vincent Van Gogh
64%
(Rain, Steam and Speed) William Turner
57%
(De Nachtwacht) Rembrandt
56%
(Fontaine) Marcel Duchamp
53%
(Pietà) Michelangelo Buonarroti
50%
(Crocifissione di San Pietro) Caravage
49%
(Les joueurs de cartes) Paul Cézanne
43%
(Livet dans) Edvard Munch
20%
(Retrato del Papa Inocencio X) Diego Velázquez
19%
Aucun quiz correspondant
Distribution des résultats
% des personnes avec chaque résultat
Percentile par nombre de réponses
Votre historique - résultats
Vous n’avez pas pris ce quiz depuis la dernière actualisation